| 000 | 00661nam a22001937a 4500 | ||
|---|---|---|---|
| 999 |
_c173324 _d173324 |
||
| 005 | 20200221151637.0 | ||
| 010 | _aUR-10704 | ||
| 020 |
_c400.00 _a- |
||
| 035 | _aU-9259 | ||
| 037 |
_bDBAD/PUB _a- |
||
| 082 | _aن | ||
| 100 | _aڈ ا کٹر پر تيبھا ر ا ۓ | ||
| 245 |
_aآ خر ی ا يشو ر (ا ڑ يا نا و ل ) _cڈ ا کٹر پر تيبھا ر ا ۓ |
||
| 246 |
_bAkhri Ishwer (Udia Novel) (Urdu) _aby Dr. Partibha Rai |
||
| 260 |
_aN.Delhi _bEducational Publishing House _c2019 ء |
||
| 270 |
_a3191,Vakil Street,Kucha Pandit, Lal Kuan, _bDelhi _e6 _k9938905926 _l- |
||
| 300 |
_a360 ص _c22 Cm(Hb) |
||
| 942 |
_2ddc _cUR _hن _mپ ر ت |
||